[Event "TCh-FIN 00-01"]
[Site "FIN"]
[Date "2000.11.19"]
[Round "5"]
[White "Porrasmaa,T"]
[Black "Rantala,J"]
[Result "1-0"]
[WhiteElo "2210"]
[BlackElo "2150"]

1.Nf3 Nf6 2.c4 b6 3.g3 Bb7 4.Bg2 c5 5.O-O e6 6.Nc3 Be7 7.d4 cxd4 8.Qxd4 O-O
9.Bg5 d6 10.Bxf6 Bxf6 11.Qf4 a6 12.Rad1 Be7 13.Ne4 Bxe4 14.Qxe4 Ra7 15.Rd2 Qc8
16.b3 b5 17.cxb5 axb5 18.Nd4 Qa6 19.Rc1 d5 20.Qe3 Ba3 21.Rcc2 Rb7 22.Qc3 Be7
23.e4 b4 24.Qe3 dxe4 25.Bxe4 Ra7 26.Rc4 Rd8 27.Nc6 Nxc6 28.Rxc6 Rxd2 29.Qxd2 Qb7
30.Qc2 Bf8 31.Rc4 Qe7 32.Bxh7+ Kh8 33.Rh4 g5 34.Rh5 Kg7 35.h4 f5 36.hxg5 Rc7
37.Qb2+ Rc3 38.Qd2 Qc7 39.Qd4+ e5 40.Qd5 Rc1+ 41.Kh2 Rc5 42.Qg8+  1-0

[Event "Autumn Cup IM"]
[Site "Bucharest ROM"]
[Date "2000.11.28"]
[Round "8"]
[White "Marin,L"]
[Black "Milanovic,Sla"]
[Result "1/2-1/2"]
[WhiteElo "2187"]
[BlackElo "2324"]

1.Nf3 Nf6 2.g3 b6 3.Bg2 Bb7 4.O-O c5 5.c4 e6 6.Nc3 Be7 7.Re1 d6 8.e4 a6 9.d4 cxd4
10.Nxd4 Qc7 11.Be3 Nbd7 12.Rc1 Rc8 13.f4 O-O 14.f5 e5 15.Nb3 Qb8 16.Qe2 Qa8
17.Nd2 b5 18.cxb5 axb5 19.Qxb5 Nc5 20.Bxc5 Rxc5 21.Qd3 Qa7 22.Kh1 Ng4 23.Qf3 Bg5
24.Rcd1 h5 25.h3 Rxc3 26.bxc3 Nf2+ 27.Kh2 h4 28.Nf1 Nxd1 29.Rxd1 Qxa2 30.Rxd6 Rc8
31.gxh4 Bf4+ 32.Kh1 Qa3 33.Rd7 Rxc3 34.Qxc3 Qxc3 35.Rxb7 Qe1 36.h5 Be3 37.Rb8+ Kh7
38.Rb2 Bd4 39.Ra2 Kh6 40.Kh2 Kxh5 41.Ng3+ Kh4 42.Nf1 Kg5 43.Ra3 Qf2 44.Rg3+ Kh6
45.h4 g6 46.fxg6 fxg6 47.Kh3 Qe1 48.Nh2 Bb2 49.Ng4+ Kg7 50.Ne3 Bc1 51.Nd5 Bf4
52.Rg4 Qd2 53.Nxf4 exf4 54.h5 g5 55.Rxg5+ Kh6 56.Rf5  1/2-1/2

[Event "FSIMA December"]
[Site "Budapest HUN"]
[Date "2000.12.12"]
[Round "10"]
[White "Vadasz,L"]
[Black "Spielmann,Al"]
[Result "0-1"]
[WhiteElo "2301"]
[BlackElo "2275"]

1.Nf3 Nf6 2.c4 c5 3.g3 b6 4.Bg2 Bb7 5.O-O e6 6.b3 d6 7.Bb2 Be7 8.Nc3 O-O
9.e3 a6 10.d4 cxd4 11.Nxd4 Bxg2 12.Kxg2 Qc7 13.Rc1 Nbd7 14.e4 Qb7 15.f3 Rfe8
16.Qe2 Rab8 17.a4 Rbd8 18.g4 h6 19.h4 Nh7 20.Qf2 Ne5 21.Rcd1 Ng6 22.Rh1 d5
23.cxd5 Nf4+ 24.Kf1 exd5 25.Nxd5 Nxd5 26.exd5 Qxd5 27.Kg2 Bc5 28.Rhe1 Rxe1
29.Qxe1 Nf8 30.Qe2 Ne6  0-1

[Event "Koltanowski Mem"]
[Site "San Francisco USA"]
[Date "2000.12.18"]
[Round "5"]
[White "Donaldson,J"]
[Black "Stearns,A"]
[Result "1-0"]
[WhiteElo "2396"]
[BlackElo "2274"]

1.Nf3 e6 2.c4 Nf6 3.g3 b6 4.Bg2 Bb7 5.O-O c5 6.Nc3 Be7 7.d4 cxd4 8.Qxd4 O-O
9.Rd1 d6 10.b3 Nc6 11.Qf4 Qb8 12.Ba3 d5 13.Qxb8 Raxb8 14.Bxe7 Nxe7 15.cxd5 Nexd5
16.Nxd5 Bxd5 17.Rac1 Rbc8 18.Ne5 Bxg2 19.Kxg2 Nd5 20.Nc6 Rc7 21.e4 Ne7 22.Ne5 Rxc1
23.Rxc1 Rc8 24.Rd1 f6 25.Rd7 Re8 26.Nf3 Nc8 27.Nd4 h5 28.Nb5 Ne7  1-0

[Event "Czech Extra League 2000-1"]
[Site "CZE"]
[Date "2001.01.13"]
[Round "4"]
[White "Mozny,M"]
[Black "Vavrak,P"]
[Result "1-0"]
[WhiteElo "2412"]
[BlackElo "2319"]

1.Nf3 c5 2.c4 Nf6 3.g3 b6 4.Bg2 Bb7 5.O-O e6 6.d4 cxd4 7.Qxd4 Be7 8.Nc3 O-O
9.e4 d6 10.Rd1 Qc8 11.b3 Nbd7 12.Ba3 Nc5 13.Ne1 Bc6 14.Qe3 a5 15.Nc2 e5 16.Bxc5 bxc5
17.a4 Ne8 18.Na3 f5 19.exf5 Bxg2 20.Kxg2 Qxf5 21.Ra2 Nc7 22.Qe4 Ne6 23.Qxf5 Rxf5
24.Nd5 Bf8 25.Nb5 Nd4 26.Rd3 Rb8 27.f3 Rb7 28.Nxd4 cxd4 29.b4 axb4 30.Rb3 Rff7
31.a5 d3 32.a6 Rb8 33.Rxb4 Rxb4 34.Nxb4 d5 35.Nxd3 Ra7 36.cxd5 Bd6 37.Kf2 Kf7
38.Ke3 Kf6 39.Ke4  1-0

[Event "TCh-FIN 00-01"]
[Site "FIN"]
[Date "2001.01.13"]
[Round "6"]
[White "Haapasalo,JP"]
[Black "Laihonen,P"]
[Result "1/2-1/2"]
[WhiteElo "2165"]
[BlackElo "2274"]

1.c4 e6 2.Nf3 Nf6 3.g3 b6 4.Bg2 Bb7 5.O-O c5 6.Nc3 Be7 7.d4 cxd4 8.Qxd4 Nc6
9.Qf4 O-O 10.Rd1 Qb8 11.Nb5 d6 12.Be3 Rd8 13.Rac1 h6 14.h4 Ne5 15.Qd4 Nxf3+
16.Bxf3 Bxf3 17.exf3 Qb7 18.Qf4  1/2-1/2

[Event "It"]
[Site "Bajmok YUG"]
[Date "2001.01.31"]
[Round "6"]
[White "Petre,NT"]
[Black "Vidic,S"]
[Result "1/2-1/2"]
[WhiteElo "2327"]
[BlackElo "2227"]

1.Nf3 e6 2.c4 Nf6 3.g3 b6 4.Bg2 Bb7 5.O-O c5 6.b3 Be7 7.Bb2 O-O 8.Nc3 Nc6
9.e3 d5 10.cxd5 exd5 11.d4 Rc8 12.Ne5 cxd4 13.exd4 a6 14.a3 b5 15.Bh3 Rc7
16.b4 Bc8 17.Bg2 Bf5 18.Rc1 Qd6 19.g4 Bg6 20.f4 Be4 21.Nxe4 Nxe4 22.Qc2 Nxd4
23.Qd3 Ne6 24.Rxc7 Qxc7 25.Bxe4 dxe4 26.Qxe4 Rd8 27.Rf2 Qd6 28.Nc6 Re8 29.Kg2 Bh4
30.Be5  1/2-1/2

[Event "12th Goodricke Open"]
[Site "Calcutta IND"]
[Date "2001.02.06"]
[Round "1"]
[White "Rahman,Zia"]
[Black "Kunte,A"]
[Result "1/2-1/2"]
[WhiteElo "2447"]
[BlackElo "2568"]

1.Nf3 Nf6 2.c4 b6 3.g3 Bb7 4.Bg2 e6 5.O-O c5 6.Nc3 Be7 7.Re1 d6 8.e4 a6 9.d4 cxd4
10.Nxd4 Qc7 11.Be3 O-O 12.Rc1 Nbd7 13.f4 Rac8 14.f5 e5 15.Nd5 Qd8 16.Nb3 b5
17.Nd2 Nc5 18.Qe2 b4 19.Nb3 Bxd5 20.exd5 Nfd7 21.h4 Bf6 22.Nxc5 Nxc5 23.b3 a5
24.Bxc5 Rxc5 25.Be4 Qe7 26.Kg2 Ra8 27.Bc2 Rac8 28.Qd2 h6 29.Kh3 Qd8 30.Re2 Rb8
31.Qd3 Rbc8 32.Qd2  1/2-1/2

[Event "FSIMB February"]
[Site "Budapest HUN"]
[Date "2001.02.12"]
[Round "9"]
[White "Farago,S"]
[Black "Galindo,R"]
[Result "1-0"]
[WhiteElo "2285"]
[BlackElo "2282"]

1.c4 e6 2.Nf3 Nf6 3.g3 b6 4.Bg2 Bb7 5.O-O c5 6.Nc3 Be7 7.Re1 d5 8.cxd5 exd5
9.d4 O-O 10.Bf4 Nc6 11.Rc1 Ne4 12.dxc5 Nxc3 13.Rxc3 bxc5 14.Ne5 Nxe5 15.Bxe5 Qd7
16.Rd3 c4 17.Rd2 Qe6 18.Bc3 Rfd8 19.e3 Bc6 20.Qh5 Qg6 21.Qxg6 hxg6 22.Red1 Bf6
23.Bxd5 Bxd5 24.Rxd5 Rxd5 25.Rxd5 Rb8 26.Rc5 Bxc3 27.bxc3 Rb2 28.a4 Rc2 29.Rxc4 Rb2
30.Rd4 Rb7 31.Rd8+  1-0

[Event "FSIMA March"]
[Site "Budapest HUN"]
[Date "2001.03.05"]
[Round "2"]
[White "Kahn,E"]
[Black "Jamrich,G"]
[Result "1/2-1/2"]
[WhiteElo "2288"]
[BlackElo "2283"]

1.c4 c5 2.Nf3 Nf6 3.g3 b6 4.Bg2 Bb7 5.O-O e6 6.Nc3 d5 7.cxd5 Nxd5 8.Nxd5 Bxd5
9.d3 Be7 10.Be3 O-O 11.a3 Nc6 12.Rb1 Qd7 13.Qa4 Ne5 14.Qxd7 Nxd7 15.Nd2 Bxg2
16.Kxg2  1/2-1/2

[Event "Linklater Mem"]
[Site "San Francisco USA"]
[Date "2001.03.07"]
[Round "10"]
[White "Mulyar,M"]
[Black "Vucic,M"]
[Result "1/2-1/2"]
[WhiteElo "2428"]
[BlackElo "2364"]

1.c4 c5 2.Nf3 Nf6 3.g3 b6 4.Bg2 Bb7 5.O-O e6 6.Nc3 Be7 7.Re1 O-O 8.e4 d6
9.d4 cxd4 10.Nxd4 Ne8 11.Be3 Nd7 12.Qe2 a6 13.a4 Qc7 14.a5 bxa5 15.Nb3  1/2-1/2

[Event "ch-CUB"]
[Site "Las Tunas CUB"]
[Date "2001.04.02"]
[Round "2"]
[White "Nogueiras,J"]
[Black "Leyva,R"]
[Result "1/2-1/2"]
[WhiteElo "2557"]
[BlackElo "2400"]

1.Nf3 b6 2.g3 Bb7 3.Bg2 c5 4.c4 Nf6 5.O-O e6 6.Nc3 Be7 7.d4 cxd4 8.Qxd4 d6
9.b3 a6 10.Ba3 Nc6 11.Qf4 d5 12.Bxe7 Nxe7 13.Ne5 O-O 14.Rfd1 Qb8 15.cxd5 Nexd5
16.Nxd5 Bxd5 17.e4 Bb7 18.Rac1 b5 19.Nd7 Qxf4 20.gxf4 Rfc8 21.Rxc8+ Rxc8
22.Nc5 Bc6 23.b4 g6 24.Bf3 Kf8 25.Rd3 Ke7 26.Ra3 Nd7 27.Nxa6 f5 28.exf5 Bxf3
29.Rxf3 gxf5  1/2-1/2

[Event "56th ch-YUG"]
[Site "Herceg Novi YUG"]
[Date "2001.04.03"]
[Round "11"]
[White "Tadic,B"]
[Black "Pikula,D"]
[Result "1/2-1/2"]
[WhiteElo "2407"]
[BlackElo "2513"]

1.Nf3 Nf6 2.c4 b6 3.g3 c5 4.Bg2 Bb7 5.O-O e6 6.Nc3 Be7 7.b3 a6 8.Bb2 O-O
9.Rc1 Qc7 10.e3 Bc6 11.d4 cxd4  1/2-1/2

[Event "Classics GM"]
[Site "Gausdal NOR"]
[Date "2001.04.20"]
[Round "7"]
[White "Hansen,TR"]
[Black "Akesson,R"]
[Result "0-1"]
[WhiteElo "2209"]
[BlackElo "2463"]

1.c4 e6 2.Nf3 c5 3.g3 b6 4.Bg2 Bb7 5.O-O Nf6 6.Nc3 Be7 7.d4 cxd4 8.Qxd4 d6
9.Bg5 a6 10.Bxf6 Bxf6 11.Qf4 O-O 12.Rfd1 Be7 13.Ne4 Bxe4 14.Qxe4 Ra7 15.Nd4 Rc7
16.b3 Re8 17.Rd2 Bf8 18.Rad1 Qc8 19.h4 Nd7 20.Bh3 Nf6 21.Qf3 Qb8 22.Qd3 Nd7
23.a4 Nc5 24.Qe3 g6 25.Bg2 Qc8 26.Qf3 Bh6 27.Ra2 e5 28.Nc2 e4 29.Qc3 e3 30.Nxe3 Bxe3
31.fxe3 Rce7 32.Qf6 Rxe3 33.Bd5 R8e7 34.Rf1 Rxg3+ 35.Kf2 Rge3 36.h5 Qh3 37.Rh1 Nd3+  0-1

[Event "zt3.3"]
[Site "HeiBei CHN"]
[Date "2001.04.21"]
[Round "6"]
[White "Wu Wenjin"]
[Black "Yu Shaoteng"]
[Result "1/2-1/2"]
[WhiteElo "2570"]
[BlackElo "2502"]

1.Nf3 Nf6 2.c4 b6 3.g3 Bb7 4.Bg2 c5 5.O-O e6 6.Nc3 Be7 7.Re1 d5 8.cxd5 exd5
9.d4 O-O 10.Bf4 Nbd7 11.dxc5 Bxc5 12.Nb5 Ne4 13.Nbd4 Qf6 14.Qa4 Rfd8 15.Rad1 Qe7
16.Be3 g6 17.Nc2 Ndf6 18.Bd4 Rac8 19.Bh3 Bc6 20.Qb3 Rc7 21.Qe3 Ba4 22.b3 Bd7
23.Qh6 Bxh3 24.Qxh3 a6 25.Qh4 h5 26.h3 Bxd4 27.Ncxd4 Qd6 28.a4 Rc3 29.Rd3 Rdc8
30.Kg2 Rc1 31.Rdd1 R1c3 32.Qf4 Qxf4 33.gxf4 Nd7 34.Rd3 Rxd3 35.exd3 Nec5
36.Re3 Kf8 37.Ne5 Nxe5 38.fxe5 Ke7 39.Kg3 Ne6 40.Nxe6 Kxe6 41.d4 b5 42.Rf3 bxa4
43.Rf6+ Ke7 44.bxa4 Rc4 45.Rxa6 Rxd4 46.f4 Rb4 47.a5 Ra4 48.h4 Ra3+ 49.Kg2 d4
50.Rd6 Rxa5 51.Rxd4 Ra6 52.Rb4 Ke6 53.Rb7  1/2-1/2

[Event "Astral Open"]
[Site "Bucharest ROM"]
[Date "2001.04.25"]
[Round "5"]
[White "Ionescu,Co"]
[Black "Trajkovic,P"]
[Result "1/2-1/2"]
[WhiteElo "2515"]
[BlackElo "2352"]

1.Nf3 c5 2.c4 Nf6 3.g3 b6 4.Bg2 Bb7 5.O-O e6 6.Nc3 Be7 7.d4 cxd4 8.Qxd4 Nc6
9.Qf4 O-O 10.Rd1 Qb8 11.Qxb8 Raxb8 12.Bf4 Rbc8 13.Bd6 Bxd6 14.Rxd6 Nb8 15.b3 Rfd8
16.Rad1 Ne8 17.R6d3 Kf8 18.Ng5 Bxg2 19.Kxg2 h6 20.Nge4 f5 21.Nd6 Nxd6 22.Rxd6 Rc6
23.R6d3 Ke7 24.e4 fxe4 25.Nxe4 a6 26.Nd6 Rc7 27.f4 g6 28.g4 Nc6 29.f5 Ne5
30.Rd4 gxf5 31.gxf5 Rg8+ 32.Kh3 Rc6 33.fxe6 dxe6 34.Ne4 Rc7 35.R4d2 b5 36.c5 Nf3
37.Rf2 Ng5+ 38.Nxg5 Rxg5 39.b4 Re5 40.Rdf1 Rh5+ 41.Kg4 Rg5+ 42.Kh4 Re5 43.Rf8 Kd7
44.Ra8 Re4+ 45.Kh5 Rxb4 46.Rf7+ Kc6 47.Rxa6+ Kb7 48.Rb6+ Kc8 49.Rxc7+ Kxc7
50.Rxe6 Rb2 51.h4 Rxa2 52.Rb6 Rb2 53.Kxh6 b4 54.h5 b3 55.Kh7 Rb1 56.h6 b2
57.Kh8 Rh1 58.Rxb2 Rxh6+ 59.Kg7 Rh5  1/2-1/2

[Event "Bank Pocztowy Open A"]
[Site "Bydgoszcz POL"]
[Date "2001.04.28"]
[Round "2"]
[White "Popov,Val"]
[Black "Jaracz,P"]
[Result "1/2-1/2"]
[WhiteElo "2545"]
[BlackElo "2484"]

1.Nf3 Nf6 2.c4 c5 3.g3 b6 4.Bg2 Bb7 5.O-O e6 6.Nc3 Be7 7.d4 cxd4 8.Qxd4 d6
9.Rd1 a6 10.b3 Nbd7 11.Bb2 Qc7 12.e4 O-O 13.Qe3 Rfe8 14.Re1 Rac8 15.Rec1 Qb8  1/2-1/2

[Event "2nd IECC"]
[Site "Ohrid MKD"]
[Date "2001.06.04"]
[Round "4"]
[White "Georgiev,Vl"]
[Black "Czebe,A"]
[Result "0-1"]
[WhiteElo "2592"]
[BlackElo "2502"]

1.Nf3 e6 2.c4 b6 3.g3 Bb7 4.Bg2 c5 5.O-O Nf6 6.Nc3 Be7 7.b3 d5 8.e3 O-O 9.Bb2 dxc4
10.bxc4 Nc6 11.Qe2 Qd7 12.Rad1 e5 13.d3 h6 14.Nd2 Rfe8 15.Nde4 Rad8 16.Nxf6+ Bxf6
17.Nd5 Be7 18.Qh5 Nb4 19.Nxb4 Bxg2 20.Kxg2 cxb4 21.Bxe5 b5 22.Qf3 Qe6 23.Bd4 bxc4
24.dxc4 Qxc4 25.Bxa7 Qxa2 26.Rxd8 Rxd8 27.Bb6 Rb8 28.Bd4 Qe6 29.Rc1 Rc8 30.Ra1 Bc5
31.Bb2 Rc7 32.Qa8+ Kh7 33.Ra6 Qf5 34.Rxh6+ Kxh6 35.Qh8+ Qh7 36.Bxg7+ Kg6
37.Qd8 Kxg7 38.Qg5+ Qg6 39.Qe5+ Kg8 40.Qxc7 Qe4+ 41.Kg1 Be7 42.h4 Qe6 43.Qb7 b3
44.e4 Bf6 45.f4 b2 46.e5 Qa2 47.Qc8+ Bd8 48.Qxd8+ Kh7  0-1

[Event "ch-CRC"]
[Site "San Jose CRC"]
[Date "2001.06.05"]
[Round "9"]
[White "Vaglio,J"]
[Black "Murillo,A"]
[Result "1/2-1/2"]
[WhiteElo "2217"]
[BlackElo "2374"]

1.Nf3 c5 2.c4 Nf6 3.g3 b6 4.Bg2 Bb7 5.O-O e6 6.b3 Be7 7.Bb2 d6 8.e3 O-O 9.Qe2 Qc7
10.Nc3 a6 11.Rac1 Nbd7 12.d3 Rad8 13.e4 Rfe8 14.Nh4 Ne5 15.f4 Nc6 16.Nd1 Nd4
17.Qe1 Nd7 18.Ne3 Bf6 19.Ba1 Nc6 20.Rc2 Bxa1 21.Qxa1 Nd4 22.Rcf2 b5 23.Nf3 Nxf3+
24.Bxf3 Nb8 25.f5 Nc6 26.fxe6 fxe6 27.Bh5 Rf8 28.Bf7+ Rxf7 29.Rxf7 Qxf7 30.Rxf7 Kxf7
31.Qd1 b4 32.h4 Bc8 33.Ng2 e5 34.Ne3 Be6 35.Kg2 Kg8 36.Nc2 Rf8 37.Qh5 a5
38.Qg5 Rf6 39.Qc1 h6 40.Ne3 Nd4 41.Qd1 Kf7 42.Qh5+ Ke7 43.Nd5+ Bxd5 44.cxd5 Kd8
45.Qg4 g6 46.Qd1 Ke7 47.Qd2 h5 48.Qh6 Kf7 49.Qh7+ Kf8 50.Qc7 Nc2 51.Kh3 Ne3
52.Qd8+ Kf7 53.Qd7+ Kf8 54.Qd8+ Kf7 55.Qd7+ Kf8 56.Qd8+  1/2-1/2

[Event "FSGM June"]
[Site "Budapest HUN"]
[Date "2001.06.06"]
[Round "5"]
[White "Peng Zhaoqin"]
[Black "Jakab,A"]
[Result "1-0"]
[WhiteElo "2391"]
[BlackElo "2363"]

1.Nf3 e6 2.c4 Nf6 3.g3 b6 4.Bg2 Bb7 5.O-O c5 6.Nc3 Be7 7.Re1 d6 8.e4 O-O
9.d4 cxd4 10.Nxd4 Qc8 11.Be3 a6 12.Rc1 Nbd7 13.f4 Qc7 14.g4 Nc5 15.Bf2 d5
16.cxd5 Qxf4 17.b4 Ncd7 18.dxe6 fxe6 19.Nxe6 Qxg4 20.Nxf8 Rxf8 21.a3 Qg5
22.Bg3 h5 23.e5 h4 24.Bxb7 hxg3 25.exf6 Qh4 26.hxg3 Qxg3+ 27.Bg2 Bd6 28.Qd5+ Rf7
29.Re8+ Nf8 30.Ne2 Qh2+ 31.Kf1 gxf6 32.Rc3  1-0

[Event "2nd IECC"]
[Site "Ohrid MKD"]
[Date "2001.06.09"]
[Round "8"]
[White "Chuchelov,V"]
[Black "Jaracz,P"]
[Result "1/2-1/2"]
[WhiteElo "2550"]
[BlackElo "2484"]

1.Nf3 c5 2.c4 Nf6 3.g3 b6 4.Bg2 Bb7 5.O-O e6 6.Nc3 Be7 7.Re1 d6 8.e4 a6 9.d4 cxd4
10.Nxd4 Qc7 11.Be3 Nbd7 12.Rc1 O-O 13.f4 Rfe8 14.Nd5 exd5 15.cxd5 Qb8 16.Nc6 Bxc6
17.dxc6 Nc5 18.e5 dxe5 19.c7 Qc8 20.fxe5 Nfe4 21.b4 Ra7 22.bxc5 Nxc5 23.e6 fxe6
24.Bf4 Bf6 25.Qd6 e5 26.Bc6 Qxc7 27.Qd5+ Kf8 28.Bxe8 exf4 29.Qf5 fxg3 30.Qxh7 gxh2+
31.Kh1 Qb7+ 32.Kxh2 Qb8+ 33.Kg2 Qa8+ 34.Kh2 Qb8+ 35.Kg2 Qa8+ 36.Kg3 Qb8+
37.Kg4 Qc8+ 38.Kg3 Qb8+ 39.Kg2 Qa8+  1/2-1/2

[Event "Homenaje a la Bandera"]
[Site "Rosario ARG"]
[Date "2001.06.17"]
[Round "4"]
[White "Perez,Yo"]
[Black "Szmetan,J"]
[Result "1/2-1/2"]
[WhiteElo "2278"]
[BlackElo "2401"]

1.Nf3 Nf6 2.c4 c5 3.g3 b6 4.Bg2 Bb7 5.O-O e6 6.Nc3 Be7 7.Re1 d5 8.cxd5 Nxd5
9.e4 Nb4 10.d4 cxd4 11.Nxd4 N8c6 12.Be3 Nxd4 13.Bxd4 O-O 14.Re2 Nc6 15.Be3 Qxd1+
16.Rxd1 Rfd8 17.Red2 Rxd2 18.Rxd2 Rd8 19.Rxd8+ Bxd8 20.f4 Na5 21.Bf1 Bc7
22.Kf2 Kf8 23.Bd3 Ke7 24.b4 Nc6 25.a3 f6  1/2-1/2

[Event "Hotel Lippa GM"]
[Site "Szentgotthard HUN"]
[Date "2001.06.17"]
[Round "5"]
[White "Fucak,E"]
[Black "Kovacs,Ga2"]
[Result "1/2-1/2"]
[WhiteElo "2353"]
[BlackElo "2366"]

1.Nf3 Nf6 2.g3 b6 3.Bg2 Bb7 4.O-O c5 5.c4 e6 6.b3 Be7 7.Bb2 O-O 8.e3 d5 9.Qe2 Nc6
10.Rd1 Qc7 11.Nc3 dxc4 12.bxc4 Rad8 13.d3 Qb8 14.Rd2 Rc8 15.Rf1 Rfd8 16.Ne1 Nb4
17.Bh3 a6 18.Ba1 Ba8 19.a3 Nc6 20.Rb2 Qc7 21.Nf3 Rb8 22.Rfb1 Na7 23.Rb3 Bc6
24.Nd2 Ne8 25.Bg2 Rb7 26.Bxc6  1/2-1/2

[Event "Open"]
[Site "Batumi GEO"]
[Date "2001.06.26"]
[Round "1"]
[White "Izoria,Z"]
[Black "Gashimov,S"]
[Result "1-0"]
[WhiteElo "2489"]
[BlackElo "2254"]

1.Nf3 Nf6 2.c4 e6 3.g3 b6 4.Bg2 Bb7 5.O-O c5 6.Nc3 Be7 7.Re1 O-O 8.e4 d6
9.d4 cxd4 10.Nxd4 Qc8 11.Be3 a6 12.Rc1 Nbd7 13.f4 Qc7 14.g4 Nc5 15.Bf2 Rfd8
16.b4 Ncd7 17.Nd5 exd5 18.cxd5 Qb8 19.Nc6 Bxc6 20.dxc6 Qa7 21.g5 Ne8 22.cxd7 Rxd7
23.Qd4 Rb8 24.Rc6 a5 25.b5 Nc7 26.Bh3 Rdd8 27.Rec1 Na8 28.Qd5 Bf8 29.f5 Re8
30.Bg3 Qe7 31.g6 Qd7 32.f6 Qb7 33.Rc8 Qa7 34.R1c7 Nxc7 35.Qxf7+ Kh8 36.gxh7  1-0

[Event "6th Leg Russian Cup"]
[Site "Tomsk RUS"]
[Date "2001.07.05"]
[Round "6"]
[White "Shushpanov,R"]
[Black "Korniushin,N"]
[Result "1-0"]
[WhiteElo "2370"]
[BlackElo "2470"]

1.c4 Nf6 2.Nf3 c5 3.g3 b6 4.Bg2 Bb7 5.O-O e6 6.Nc3 Be7 7.Re1 O-O 8.e4 d6
9.d4 cxd4 10.Nxd4 Qc8 11.b3 a6 12.Bb2 Nbd7 13.g4 g6 14.h3 Nc5 15.f4 e5 16.fxe5 dxe5
17.Nd5 Nxd5 18.exd5 Bd6 19.Nc6 e4 20.Qd4 f6 21.Rf1 Bxc6 22.Rxf6  1-0

[Event "ch-NOR"]
[Site "Kristiansund NOR"]
[Date "2001.07.10"]
[Round "4"]
[White "Groenn,A"]
[Black "Ostenstad,B"]
[Result "1-0"]
[WhiteElo "2365"]
[BlackElo "2439"]

1.Nf3 c5 2.c4 Nf6 3.g3 b6 4.Bg2 Bb7 5.O-O e6 6.b3 Be7 7.Nc3 O-O 8.d4 d5 9.Ne5 Nbd7
10.Bf4 cxd4 11.Qxd4 Bc5 12.Qd2 Nxe5 13.Bxe5 Ne4 14.Nxe4 dxe4 15.Qf4 f6 16.Bc3 Qd6
17.Qxd6 Bxd6 18.Rfd1 Rad8 19.Kf1 Bc5 20.Ke1 a5 21.e3 Kf7 22.a3 Rxd1+ 23.Kxd1 Ra8
24.Kc2 g5 25.Rd1 Bc6 26.Kb2 f5 27.b4 Be7 28.b5 Be8 29.a4 Bc5 30.f3 Bxe3 31.fxe4 f4
32.Kb3 Ke7 33.gxf4 Bh5 34.Rf1 gxf4 35.Bf3 Bf7 36.Be5 Rd8 37.Rd1 Rxd1 38.Bxd1 Bg6
39.Bf3 Kf7 40.Kc3 Ke7 41.h4 h6 42.h5 Bh7 43.Bg7 Bc5 44.e5 Bb4+ 45.Kb3 Bd3
46.Bxh6 Bd2 47.Bg5+ Kd7 48.Bh4 Ke8 49.Bd1 Be3 50.Kc3 Be4 51.Bc2 Bxc2 52.Kxc2 f3
53.Kd1 Kd7 54.Ke1 Kc7 55.Bf2 Bf4 56.Bd4  1-0

[Event "ch-BEL"]
[Site "Charleroi BEL"]
[Date "2001.07.13"]
[Round "7"]
[White "Claesen,P"]
[Black "Van Mechelen,J"]
[Result "1-0"]
[WhiteElo "2411"]
[BlackElo "2260"]

1.c4 e6 2.Nf3 Nf6 3.g3 b6 4.Bg2 c5 5.O-O Bb7 6.d4 cxd4 7.Qxd4 d6 8.Nc3 a6
9.Bg5 Be7 10.Rfd1 Nbd7 11.Bf4 O-O 12.Qd2 Ne8 13.e4 Qc7 14.Rac1 Ne5 15.Bxe5 dxe5
16.Qd7 Bf6 17.Qxc7 Nxc7 18.Na4 Bxe4 19.Nxb6 Rad8 20.Nd7 Bxf3 21.Bxf3 Rfe8
22.Nxf6+ gxf6 23.Bc6 Rf8 24.Rxd8 Re8 25.Rc8 Rf8 26.Rd8 Rxd8 27.b4 Kf8 28.a4 Ke7
29.b5 a5 30.c5  1-0

[Event "Czech Open"]
[Site "Pardubice CZE"]
[Date "2001.07.22"]
[Round "3"]
[White "Lechtynsky,J"]
[Black "Vavrak,P"]
[Result "1/2-1/2"]
[WhiteElo "2422"]
[BlackElo "2286"]

1.Nf3 Nf6 2.c4 c5 3.g3 b6 4.Bg2 Bb7 5.O-O e6 6.d4 cxd4 7.Qxd4 Be7 8.Nc3 O-O
9.Rd1 Nc6 10.Qf4 d6 11.b3 Qb8 12.e4 a6 13.Bb2 Ra7 14.Qe3 Ba8 15.Qe2 Rb7 16.Rac1 b5
17.cxb5 axb5 18.e5 dxe5 19.Nb1 Ra7 20.Nxe5 Nxe5 21.Bxe5 Qe8 22.Bxa8 Rxa8
23.Nc3 b4 24.Na4 Nd5 25.Qg4 g6 26.Bb2 Qb5 27.Rc4 Rfd8 28.Qe4 Bf6 29.Rc5 Qa6
30.Bxf6 Nxf6 31.Qc2 Rxd1+ 32.Qxd1 Nd5 33.Qc2 h5 34.Rc4 Kh7 35.h4 Qa5 36.Kg2 Qa7
37.Qd2 Rd8 38.Rd4 Qa8  1/2-1/2

[Event "Open"]
[Site "Novosibirsk RUS"]
[Date "2001.07.24"]
[Round "6"]
[White "Vekshenkov,N"]
[Black "Belozerov,A"]
[Result "1/2-1/2"]
[WhiteElo "2444"]
[BlackElo "2507"]

1.Nf3 Nf6 2.c4 e6 3.g3 b6 4.Bg2 Bb7 5.O-O c5 6.Nc3 Be7 7.Re1 Ne4 8.d4 Nxc3
9.bxc3 Be4 10.Bf1 Bxf3 11.exf3 Nc6 12.d5  1/2-1/2

[Event "Czech Open"]
[Site "Pardubice CZE"]
[Date "2001.07.24"]
[Round "5"]
[White "Fridman,D"]
[Black "Totsky,L"]
[Result "1/2-1/2"]
[WhiteElo "2562"]
[BlackElo "2481"]

1.c4 e6 2.Nf3 c5 3.g3 b6 4.Bg2 Bb7 5.O-O Nf6 6.Nc3 Nc6 7.e4 d6 8.d4 e5 9.dxe5 dxe5
10.Qa4 Bd6 11.Nd5 O-O 12.Bg5 Be7 13.Rad1 Nd4 14.Bxf6 Bxf6 15.Rc1 Be7 16.Bh3 Bd6
17.a3  1/2-1/2

[Event "3rd Open"]
[Site "Patras GRE"]
[Date "2001.07.26"]
[Round "9"]
[White "Banikas,H"]
[Black "Bagaturov,G"]
[Result "1/2-1/2"]
[WhiteElo "2531"]
[BlackElo "2489"]

1.c4 Nf6 2.Nf3 b6 3.g3 Bb7 4.Bg2 c5 5.O-O e6 6.Nc3 Be7 7.d4 cxd4 8.Qxd4 d6
9.Rd1 a6 10.b3 Nbd7 11.Ng5 Bxg2 12.Kxg2 O-O 13.Nge4 Ne8 14.Ba3 Nc5 15.Qe3 Qc7
16.Rac1 Rd8 17.f3 Qb7 18.Rc2 Qb8 19.Rcd2 Rc8 20.Bb4 Qc7 21.Ba3 Qb8 22.Bb4 Qc7
23.Ba3  1/2-1/2

[Event "Keres Mem Open"]
[Site "Tallinn EST"]
[Date "2001.07.28"]
[Round "5"]
[White "Muutnik,V"]
[Black "Akimov,I"]
[Result "1-0"]
[WhiteElo "2117"]
[BlackElo "2300"]

1.Nf3 Nf6 2.c4 e6 3.g3 b6 4.Bg2 Bb7 5.O-O c5 6.d4 cxd4 7.Qxd4 Nc6 8.Qf4 Be7
9.Nc3 O-O 10.Rd1 a6 11.b3 Rc8 12.Bb2 d6 13.Rac1 Nd7 14.Qd2 Nc5 15.Nd4 Ne5
16.Bxb7 Nxb7 17.Qe3 Qc7 18.Ne4 Nc5 19.Nxc5 bxc5 20.Nf3 Nd7 21.Qc3 Bf6 22.Qd2 Bxb2
23.Qxb2 Nf6 24.Rd3 Rfd8 25.Rcd1 Rd7 26.Qa3 Qb6 27.Qa4 Rdd8 28.Nd2 h6 29.e4 g5
30.h3 Kf8 31.Qa3 Qc6 32.Qb2 Ke7 33.Re1 Nd7 34.Nf3 f6 35.Qe2 Nb8 36.Nh2 Qe8
37.Kg2 Nc6 38.Nf3 Qf7 39.Rd2 h5 40.Red1 Rd7 41.Ne1 Qg6 42.Nc2 Ne5 43.Kh2 g4
44.Ne1 Rg8 45.h4 f5 46.exf5 Qxf5 47.Qe3 Rf8 48.Kg2 Nc6 49.f4 gxf3+ 50.Nxf3 Qg4
51.Nh2 Qg6 52.Nf3 Rdd8 53.Ng5 Nd4 54.Qe4 Rf5 55.Re1 e5 56.b4 Kf8 57.Rxd4 cxd4
58.Rf1 Kg8 59.Rxf5 Rd7 60.Rxe5 Qxe4+ 61.Rxe4 d5 62.Rxd4  1-0

[Event "HZ Open"]
[Site "Vlissingen NED"]
[Date "2001.07.29"]
[Round "3"]
[White "Janssen,R"]
[Black "Van Dongen,C"]
[Result "1-0"]
[WhiteElo "2437"]
[BlackElo "2137"]

1.Nf3 Nf6 2.c4 e6 3.g3 b6 4.Bg2 Bb7 5.O-O c5 6.Nc3 d6 7.Re1 Be7 8.e4 a6 9.d4 cxd4
10.Nxd4 Qc7 11.Be3 Nbd7 12.Rc1 O-O 13.f4 Rfe8 14.f5 Bf8 15.fxe6 fxe6 16.Bh3 Nc5
17.b4 Ncxe4 18.Nxe4 Bxe4 19.Nxe6 Qc6 20.Qd4 Rab8 21.Bg5  1-0

[Event "Pricenet Cup"]
[Site "Olomouc CZE"]
[Date "2001.08.07"]
[Round "8"]
[White "Jurek,J"]
[Black "Skytte,R"]
[Result "1-0"]
[WhiteElo "2329"]
[BlackElo "2342"]

1.Nf3 e6 2.c4 b6 3.g3 Bb7 4.Bg2 Nf6 5.O-O c5 6.Nc3 Be7 7.d4 cxd4 8.Qxd4 Nc6
9.Qf4 O-O 10.Rd1 Rc8 11.b3 a6 12.e4 Qc7 13.Qxc7 Rxc7 14.Bf4 Rfc8 15.Bxc7 Rxc7
16.Nd5 exd5 17.exd5 Bc5 18.dxc6 Bxc6 19.Ne5 Bxg2 20.Kxg2 d6 21.Nd3 Ba3 22.Rab1 a5
23.Nf4 g6 24.Nd5 Nxd5 25.Rxd5 Re7 26.Kf3 Re6 27.g4 Bc5 28.Rb2 Re1 29.Re2 Ra1
30.Rd3 Kg7 31.Ke4 Rf1 32.Kd5 Bxf2 33.Kxd6 Bc5+ 34.Kc6 g5 35.Rd5 Kg6 36.Ree5 f6
37.Re8 h5 38.gxh5+ Kxh5 39.Rxc5 bxc5 40.Kxc5 f5 41.Kb6 f4 42.c5 Rc1 43.c6 Kg4
44.c7 Kh3 45.Re5 Rxc7 46.Kxc7 g4 47.Re2  1-0

[Event "US Open"]
[Site "Framingham USA"]
[Date "2001.08.11"]
[Round "8"]
[White "Readey,J"]
[Black "Kalinin,Al"]
[Result "0-1"]
[WhiteElo "2306"]
[BlackElo "2512"]

1.Nf3 Nf6 2.c4 e6 3.g3 b6 4.Bg2 Bb7 5.O-O c5 6.Nc3 d6 7.d4 cxd4 8.Qxd4 a6
9.Rd1 Be7 10.b3 Nbd7 11.e4 Qc8 12.Bb2 O-O 13.Rac1 Qc7 14.Nd2 Rfe8 15.h3 Bf8
16.Nf1 Rad8 17.Kh2 Qb8 18.Re1 Ba8 19.Qd3 Bc6 20.Nd2 Qa8 21.Nd1 b5 22.cxb5 axb5
23.b4 Rc8 24.Nc3 Qb8 25.Qe2 h5 26.Nf3 Ne5 27.Nxe5 dxe5 28.a3 h4 29.gxh4 g6
30.Bf3 Bh6 31.Rcd1 Kg7 32.h5 Bf4+ 33.Kg2 gxh5 34.Na2 Kh7 35.Nc1 Rg8+ 36.Kh1 Rg6
37.Nd3 Rcg8 38.Nxf4 exf4 39.Bxf6 Rxf6 40.e5 Bxf3+ 41.Qxf3 Rf5 42.Rd4 Rxe5
43.Rxe5 Qxe5 44.Qe4+ Qxe4+ 45.Rxe4 Rd8 46.Rxf4 f5 47.Rf3 Kg6 48.Kg2 Rd5 49.Rc3 f4
50.a4 bxa4 51.Ra3 Kf5 52.Rxa4 Rd4 53.Ra5+ e5 54.Rb5 Rd2 55.Rb8 Ke4 56.Rh8 f3+
57.Kg3 Rd1 58.b5 Rg1+ 59.Kh4 Kd3 60.Rd8+ Ke2 61.Re8 Kxf2 62.Rxe5 Rb1 63.Kxh5 Kg3
64.h4 f2 65.Rg5+ Kf4 66.Rg4+ Ke5 67.Rg5+ Ke6  0-1

[Event "Faakersee Open"]
[Site "Latschach AUT"]
[Date "2001.08.12"]
[Round "3"]
[White "Martinovic,S"]
[Black "Stephan,J"]
[Result "1-0"]
[WhiteElo "2436"]
[BlackElo "2128"]

1.Nf3 Nf6 2.g3 c5 3.c4 b6 4.Bg2 Bb7 5.O-O e6 6.Nc3 Be7 7.d4 cxd4 8.Qxd4 d6
9.Rd1 a6 10.b3 O-O 11.Ba3 Nc6 12.Qf4 d5 13.cxd5 Nxd5 14.Nxd5 Bxa3 15.Nc7 Qe7
16.Nxa8 Rxa8 17.Ne5 Nxe5 18.Qxe5 Bxg2 19.Kxg2 Qb7+  1-0